Statistics for Top 20 Cities by Population #2

Click here to take the quiz!

General Stats

  • This quiz has been taken 550 times
  • The average score is 48 of 100

Answer Stats

Answer% Correct
Paris
98%
Beijing
96%
Tokyo
96%
Delhi
95%
Lyon
94%
Marseille
94%
Shanghai
94%
Mumbai
93%
Rio de Janeiro
93%
Osaka
92%
Sao Paulo
90%
Brasilia
89%
Guangzhou
88%
Kolkata
86%
Wuhan
84%
Nice
83%
Bordeaux
81%
Chennai
80%
Xi'an
79%
Bengaluru
76%
Kyoto
76%
Toulouse
76%
Belo Horizonte
75%
Hyderabad
75%
Sapporo
75%
Hiroshima
74%
Nagoya
74%
Ahmedabad
71%
Lille
71%
Shenzhen
71%
Chengdu
70%
Manaus
69%
Strasbourg
69%
Tianjin
69%
Chongqing
66%
Nantes
66%
Recife
66%
Yokohama
65%
Nanjing
63%
Pune
60%
Salvador
59%
Fortaleza
58%
Fukuoka
58%
Porto Alegre
58%
Dijon
57%
Kobe
56%
Jaipur
55%
Harbin
53%
Montpellier
53%
Agra
52%
Hangzhou
52%
Belem
50%
Lucknow
48%
Rennes
48%
Curitiba
46%
Surat
44%
Grenoble
41%
Reims
40%
Shenyang
38%
Le Havre
35%
Zhengzhou
34%
Bhopal
31%
Natal
31%
Saint-Etienne
31%
Toulon
31%
Sendai
30%
Nagpur
27%
Campinas
26%
Goiania
25%
Jinan
24%
Shantou
24%
Dongguan
23%
Indore
23%
Kanpur
23%
Patna
23%
Sao Luis
22%
Angers
21%
Nimes
21%
Suzhou
19%
Chiba
17%
Kawasaki
17%
Okayama
17%
Kitakyushu
16%
Saitama
14%
Hamamatsu
11%
Kumamoto
9%
Maceio
9%
Shizuoka
9%
Vadodara
9%
Teresina
8%
Guarulhos
7%
Ludhiana
6%
Sakai
6%
Duque de Caxias
5%
Nanchong
3%
Nova Iguacu
3%
Cergy-Pontoise
2%
Tai'an
2%
Yono
2%
Tirunelveli
1%

Score Distribution

Percentile by Number Answered

Percent of People with Each Score

Your Score History

You have not taken this quiz